000 00350nam a2200121Ia 4500
008 240731s9999 xx 000 0 und d
022 _a2040-8706
245 0 _aTerrae Incognitae : The Journal of the Society for the History of Discoveries
260 _bRoutledge
856 _uhttps://www.tandfonline.com/loi/ytin20
942 _2ddc
942 _cTFEJ
999 _c79831
_d79831
945 _a1
_bMadushi Gamage
_c1
_dMadushi Gamage